| 000 | 00922nam a2200265Ia 4500 | ||
|---|---|---|---|
| 003 | GCL | ||
| 008 | 140319s9999 xx 000 0 ara d | ||
| 020 | _a3155895177 | ||
| 040 |
_aGCL / _cGCL |
||
| 082 | 0 | 4 |
_a301.412 _bهـ م |
| 100 | 1 | _aهدى الصدة | |
| 245 | 1 | 0 |
_aمدخل الى قضايا المرأة فى سطور وصور / _cهدى الصدة |
| 700 | 1 | _aاميمة ابوبكر | |
| 250 | _aالاولى | ||
| 260 |
_aالقاهرة : _bملتقى المرأة والذاكرة ، _c2002 |
||
| 300 |
_a277 ص ؛ _c24 سم |
||
| 650 | 0 | 4 | _aالمرأة فى الحياة العامة |
| 650 | 0 | 4 | _aالمرأة العاملة |
| 650 | 0 | 4 | _aحقوق المرأة |
| 650 | 0 | 4 | _aالمرأة المصرية |
| 650 | 0 | 4 | _aالمرأة - عادات وتقاليد |
| 650 | 0 | 4 | _aالمرأة - احوال اجتماعية |
| 650 | 0 | 4 | _aالمرأة فى الادب العربى |
| 942 |
_2ddc _cBK |
||
| 999 |
_c33229 _d33229 |
||